[Event "Muensterland Verbandsklasse 2122"]
[Site "Germany"]
[Date "2021.11.06"]
[Round "2.5"]
[White "Naber, Wolfgang"]
[Black "Holtmannspoetter, Thomas"]
[Result "1-0"]
[WhiteElo "1588"]
[BlackElo "1729"]
[PlyCount "121"]
[EventDate "2021.09.25"]
[EventType "team-tourn"]
[EventRounds "2"]
[EventCountry "GER"]
[SourceTitle "EXT 2023"]
[Source "ChessBase"]
[SourceDate "2022.10.05"]
[SourceVersion "1"]
[SourceVersionDate "2022.10.05"]
[SourceQuality "1"]
[WhiteTeam "Gronau II"]
[BlackTeam "Ochtrup"]
[WhiteTeamCountry "GER"]
[BlackTeamCountry "GER"]

1. e4 c5 2. Nf3 e6 3. d4 cxd4 4. Nxd4 Nf6 5. Nc3 Bb4 6. e5 Nd5 7. Bd2 Nxc3 8. bxc3 Be7 9. Qg4 g6 10. Bd3 Nc6 11. Nxc6 dxc6 12. 0-0 Qc7 13. Qe2 Bd7 14. f4 0-0-0 15. Qf2 c5 16. Be4 Bc6 17. Bxc6 Qxc6 18. Rfd1 Rd7 19. Be3 Rhd8 20. Rxd7 Rxd7 21. Qe2 Qe4 22. Kf2 a6 23. Rd1 Rxd1 24. Qxd1 Qc4 25. Qd3 Qxa2 26. c4 Kc7 27. g4 Qa1 28. Kg2 f6 29. exf6 Qxf6 30. Qa3 Qf8 31. Qa5+ Kc8 32. Qd2 Qd8 33. Qf2 Qc7 34. f5 exf5 35. gxf5 Qc6+ 36. Kg1 Kb8 37. Qg3+ Ka7 38. Qf4 gxf5 39. Qxf5 Qg6+ 40. Qxg6 hxg6 41. Kf1 Kb6 42. Bd2 Bf6 43. Ke2 Kc6 44. Kd3 b6 45. Bc1 b5 46. cxb5+ Kxb5 47. c3 a5 48. Bb2 a4 49. c4+ Kb4 50. Bxf6 Kb3 51. h4 a3 52. Be5 a2 53. Bc3 Ka4 54. Kc2 Ka3 55. Ba1 Kb4 56. Kb2 Kxc4 57. Kxa2 Kd5 58. Bf6 c4 59. Kb2 Ke6 60. Bg5 Kd5 61. Kc3 1-0

[Event "Muensterland Verbandsklasse 1920"]
[Site "Germany"]
[Date "2019.11.16"]
[Round "3.6"]
[White "Holtmannspoetter, Thomas"]
[Black "Wilms, Gerwin"]
[Result "1/2-1/2"]
[WhiteElo "1722"]
[BlackElo "1616"]
[PlyCount "58"]
[EventDate "2019.09.14"]
[EventType "team-tourn"]
[EventRounds "7"]
[EventCountry "GER"]
[SourceTitle "EXT 2023"]
[Source "ChessBase"]
[SourceDate "2022.10.05"]
[SourceVersion "1"]
[SourceVersionDate "2022.10.05"]
[SourceQuality "1"]
[WhiteTeam "Ochtrup"]
[BlackTeam "Duelmen II"]
[WhiteTeamCountry "GER"]
[BlackTeamCountry "GER"]

1. e4 e6 2. d4 d5 3. Nd2 Nf6 4. e5 Nfd7 5. Bd3 c5 6. c3 Nc6 7. Ndf3 cxd4 8. cxd4 Qb6 9. Ne2 Bb4+ 10. Bd2 Bxd2+ 11. Qxd2 Qb4 12. a3 Qxd2+ 13. Nxd2 f6 14. f4 fxe5 15. fxe5 0-0 16. Nf3 h6 17. 0-0 Nb6 18. Nh4 Ne7 19. Rxf8+ Kxf8 20. Rf1+ Kg8 21. Nf4 g5 22. Nfg6 Nxg6 23. Nxg6 Bd7 24. Rf6 Kg7 25. h4 Re8 26. hxg5 hxg5 27. Kf2 Nc4 28. Bxc4 dxc4 29. Kg3 Bc6 1/2-1/2

[Event "Muensterland Verbandsliga 1213"]
[Site "Germany"]
[Date "2013.04.13"]
[Round "8.7"]
[White "Janz, Stefan"]
[Black "Holtmannspoetter, Thomas"]
[Result "1-0"]
[WhiteElo "1884"]
[BlackElo "1717"]
[PlyCount "67"]
[EventDate "2012.09.22"]
[EventType "team-tourn"]
[EventRounds "9"]
[EventCountry "GER"]
[SourceTitle "EXT 2015"]
[Source "ChessBase"]
[SourceDate "2014.11.20"]
[SourceVersion "1"]
[SourceVersionDate "2014.11.20"]
[SourceQuality "1"]
[WhiteTeam "Sendenhorst"]
[BlackTeam "Ochtrup"]
[WhiteTeamCountry "GER"]
[BlackTeamCountry "GER"]

1. d4 Nf6 2. Nf3 e6 3. Bg5 c5 4. c3 Be7 5. e3 Qa5 6. Nbd2 Nc6 7. Nb3 Qb6 8. dxc5 Bxc5 9. Nxc5 Qxc5 10. Bxf6 gxf6 11. Nd4 a6 12. Nxc6 bxc6 13. Qd4 Qxd4 14. exd4 e5 15. 0-0-0 Bb7 16. Re1 d6 17. f4 0-0-0 18. fxe5 Rde8 19. Bc4 d5 20. Bd3 fxe5 21. dxe5 Re7 22. Rhf1 h5 23. Rf6 Rg8 24. g3 Rg5 25. Rf5 Rxf5 26. Bxf5+ Kc7 27. Kd2 Bc8 28. Bxc8 Kxc8 29. Kd3 c5 30. b4 cxb4 31. cxb4 Kd7 32. Kd4 Kc6 33. a4 Rd7 34. Rc1+ 1-0

[Event "Kiel op 25th"]
[Site "Kiel"]
[Date "2012.07.29"]
[Round "3"]
[White "Holtmannspoetter, Thomas"]
[Black "Hausmann, Marcus"]
[Result "0-1"]
[WhiteElo "1915"]
[BlackElo "1992"]
[PlyCount "100"]
[EventDate "2012.07.28"]
[EventType "swiss"]
[EventRounds "9"]
[EventCountry "GER"]
[SourceTitle "EXT 2015"]
[Source "ChessBase"]
[SourceDate "2014.11.20"]
[SourceVersion "1"]
[SourceVersionDate "2014.11.20"]
[SourceQuality "1"]

1. e4 Nf6 2. e5 Ne4 3. d3 Nc5 4. d4 Ne6 5. Nf3 d6 6. Be2 dxe5 7. dxe5 Qxd1+ 8. Bxd1 Nd7 9. Nbd2 b6 10. 0-0 g5 11. h3 Bg7 12. Re1 h5 13. Nc4 Ba6 14. Be2 g4 15. hxg4 hxg4 16. Nh2 Nd4 17. Bxg4 Bxc4 18. Bxd7+ Kxd7 19. Rd1 Bxe5 20. Nf3 Bd6 21. Rxd4 Ba6 22. Bf4 f6 23. Bxd6 cxd6 24. Re1 Bb7 25. Rd3 Rag8 26. g3 Rh5 27. Kf1 Ba6 28. Ke2 Rd5 29. Red1 e5 30. Ke3 Bxd3 31. Rxd3 Rxd3+ 32. Kxd3 d5 33. Ke3 Ke6 34. c3 Rg4 35. a3 f5 36. Nh2 Rc4 37. Nf3 f4+ 38. gxf4 Rxf4 39. Ng5+ Kf6 40. Nf3 Kf5 41. b3 b5 42. b4 Rc4 43. Kd2 Kf4 44. Ne1 Re4 45. Nd3+ Kf3 46. Kc2 Re2+ 47. Kd1 e4 48. Ne5+ Kxf2 49. Nc6 Ra2 50. Nd4 e3 0-1

[Event "Kiel op 25th"]
[Site "Kiel"]
[Date "2012.07.28"]
[Round "2"]
[White "Deutschbein, Christopher"]
[Black "Holtmannspoetter, Thomas"]
[Result "1/2-1/2"]
[WhiteElo "2049"]
[BlackElo "1915"]
[PlyCount "41"]
[EventDate "2012.07.28"]
[EventType "swiss"]
[EventRounds "9"]
[EventCountry "GER"]
[SourceTitle "EXT 2015"]
[Source "ChessBase"]
[SourceDate "2014.11.20"]
[SourceVersion "1"]
[SourceVersionDate "2014.11.20"]
[SourceQuality "1"]

1. e4 e5 2. Nf3 Nf6 3. Nxe5 d6 4. Nf3 Nxe4 5. d4 d5 6. Bd3 Be7 7. 0-0 0-0 8. c4 Nf6 9. Nc3 Nc6 10. Re1 Bg4 11. cxd5 Nb4 12. h3 Bh5 13. g4 Bg6 14. Bxg6 hxg6 15. Bg5 Nbxd5 16. Nxd5 Nxd5 17. Bxe7 Nxe7 18. Qb3 Rb8 19. Ne5 Nd5 20. Rad1 c6 21. Qg3 1/2-1/2

[Event "Muensterland Verbandsliga 1112"]
[Site "Germany"]
[Date "2012.01.28"]
[Round "6.8"]
[White "Brambrink, Ulf"]
[Black "Holtmannspoetter, Thomas"]
[Result "1/2-1/2"]
[WhiteElo "1726"]
[BlackElo "1669"]
[PlyCount "95"]
[EventDate "2011.09.24"]
[EventType "team-tourn"]
[EventRounds "9"]
[EventCountry "GER"]
[SourceTitle "EXT 2013"]
[Source "ChessBase"]
[SourceDate "2012.11.22"]
[SourceVersion "1"]
[SourceVersionDate "2012.11.22"]
[SourceQuality "1"]
[WhiteTeam "Muenster Indische Dame"]
[BlackTeam "Ochtrup"]
[WhiteTeamCountry "GER"]
[BlackTeamCountry "GER"]

1. d4 Nf6 2. Bf4 e6 3. e3 d5 4. Nf3 Nbd7 5. Nbd2 Be7 6. h3 0-0 7. Bd3 c5 8. c3 c4 9. Bc2 b5 10. Ne5 Bb7 11. Ndf3 Ne4 12. Nxd7 Qxd7 13. Ne5 Qd8 14. Qh5 f6 15. Bxe4 dxe4 16. Ng4 Bc6 17. Nh2 Be8 18. Qe2 Qd5 19. 0-0 h5 20. f3 Bg6 21. Rfe1 exf3 22. Nxf3 Bd3 23. e4 Qc6 24. Qe3 Rae8 25. e5 f5 26. Kh2 Qe4 27. Qd2 Qb7 28. Qf2 Be4 29. Qg3 Bd8 30. Rg1 a5 31. a3 Kh8 32. Qg6 Qf7 33. Qxf7 Rxf7 34. Bg5 Bd5 35. Bxd8 Rxd8 36. Ng5 Rb7 37. g4 hxg4 38. hxg4 g6 39. gxf5 gxf5 40. Kg3 Rg7 41. Kf4 Kg8 42. Rg3 Kf8 43. Rh1 Ke7 44. Rh6 Rdg8 45. Rh5 Rb8 46. Rgh3 Rbg8 47. Rg3 Rb8 48. Rgh3 1/2-1/2

[Event "Muensterland Verbandsklasse-B 0910"]
[Site "Germany"]
[Date "2009.12.19"]
[Round "4.8"]
[White "Holtmannspoetter, Thomas"]
[Black "Tenhagen, Hermann"]
[Result "0-1"]
[WhiteElo "1568"]
[BlackElo "1552"]
[PlyCount "42"]
[EventDate "2009.09.19"]
[EventType "team-tourn"]
[EventRounds "9"]
[EventCountry "GER"]
[SourceTitle "EXT 2011"]
[Source "ChessBase"]
[SourceDate "2010.11.26"]
[SourceVersion "1"]
[SourceVersionDate "2010.11.26"]
[SourceQuality "1"]
[WhiteTeam "Ochtrup"]
[BlackTeam "Suedlohn II"]
[WhiteTeamCountry "GER"]
[BlackTeamCountry "GER"]

1. e4 e5 2. Nf3 Nc6 3. d4 exd4 4. c3 dxc3 5. Nxc3 Bb4 6. Bc4 h6 7. 0-0 Bxc3 8. bxc3 d6 9. Nd4 Nf6 10. Qa4 Bd7 11. Qb3 0-0 12. Qxb7 Na5 13. Qa6 c5 14. Nb3 Nxc4 15. Qxc4 Qe8 16. Qd3 c4 17. Qxc4 Bb5 18. Qd4 Bxf1 19. Kxf1 Qxe4 20. Qxd6 Rad8 21. f3 Qc4+ 0-1

[Event "Muensterland Verbandsklasse-B 0809"]
[Site "Germany"]
[Date "2009.02.28"]
[Round "7.5"]
[White "Janning, Rainer"]
[Black "Holtmannspoetter, Thomas"]
[Result "1-0"]
[WhiteElo "1911"]
[BlackElo "1640"]
[PlyCount "77"]
[EventDate "2008.09.13"]
[EventType "team-tourn"]
[EventRounds "9"]
[EventCountry "GER"]
[SourceTitle "EXT 2010"]
[Source "ChessBase"]
[SourceDate "2010.11.25"]
[SourceVersion "1"]
[SourceVersionDate "2010.11.25"]
[SourceQuality "1"]
[WhiteTeam "Steinfurt"]
[BlackTeam "Ochtrup"]
[WhiteTeamCountry "GER"]
[BlackTeamCountry "GER"]

1. f4 d5 2. e3 e6 3. Nf3 g6 4. Be2 Bg7 5. 0-0 Ne7 6. d3 0-0 7. c3 Nbc6 8. d4 Bd7 9. Nbd2 Nf5 10. Nb3 b6 11. Bd3 Nd6 12. Nbd2 f5 13. Qc2 a5 14. b3 Ne4 15. Ba3 Re8 16. Rac1 Na7 17. c4 c6 18. Be2 Nf6 19. Ne5 Rc8 20. h3 c5 21. dxc5 bxc5 22. Qd3 dxc4 23. Ndxc4 Bb5 24. Rfd1 Nd5 25. Bb2 Nc6 26. Nxc6 Rxc6 27. Bxg7 Kxg7 28. Bf3 Rd6 29. Qc2 Rd7 30. Ne5 Rc7 31. Bxd5 exd5 32. Qd2 Bc6 33. Rxc5 Bb7 34. Qxa5 Rxc5 35. Qxc5 Qb8 36. Rc1 Rc8 37. Qe7+ Kh8 38. Nf7+ Kg8 39. Nh6+ 1-0

[Event "Muensterland Verbandsklasse-A 0708"]
[Site "Germany"]
[Date "2007.09.15"]
[Round "1.5"]
[White "Darwisch, Mohamed"]
[Black "Holtmannspoetter, Thomas"]
[Result "1-0"]
[WhiteElo "1734"]
[BlackElo "1678"]
[PlyCount "55"]
[EventDate "2007.09.22"]
[EventType "team"]
[EventRounds "9"]
[EventCountry "GER"]
[SourceTitle "EXT 2009"]
[Source "ChessBase"]
[SourceDate "2008.11.26"]
[SourceVersion "1"]
[SourceVersionDate "2008.11.26"]
[SourceQuality "1"]
[WhiteTeam "Ahaus Wessum"]
[BlackTeam "Ochtrup"]
[WhiteTeamCountry "GER"]
[BlackTeamCountry "GER"]

1. e4 c5 2. Nf3 e6 3. d4 cxd4 4. Nxd4 Nc6 5. c3 Nf6 6. Bd3 d6 7. 0-0 Be7 8. Kh1 a6 9. f4 Qc7 10. Be3 0-0 11. Nd2 b6 12. Nxc6 Qxc6 13. e5 Bb7 14. Qe2 Nd7 15. exd6 Qxd6 16. Bd4 Nc5 17. Nc4 Qd8 18. Bc2 Rc8 19. Rad1 Bd5 20. Ne3 b5 21. Nxd5 exd5 22. Qh5 Ne4 23. Bxe4 dxe4 24. Bxg7 Qc7 25. Be5 Qc6 26. Rd6 Qxd6 27. Bxd6 Bxd6 28. Qg5+ 1-0

[Event "Muensterland Verbandsklasse-B 0607"]
[Site "Germany"]
[Date "2007.05.12"]
[Round "9.4"]
[White "Holtmannspoetter, Thomas"]
[Black "Musholt, Joachim"]
[Result "0-1"]
[WhiteElo "1719"]
[BlackElo "1755"]
[PlyCount "68"]
[EventDate "2006.09.23"]
[EventType "team"]
[EventRounds "9"]
[EventCountry "GER"]
[SourceTitle "EXT 2008"]
[Source "ChessBase"]
[SourceDate "2007.11.25"]
[SourceVersion "1"]
[SourceVersionDate "2007.11.25"]
[SourceQuality "1"]
[WhiteTeam "Ochtrup"]
[BlackTeam "Suedlohn II"]
[WhiteTeamCountry "GER"]
[BlackTeamCountry "GER"]

1. e4 c5 2. Nf3 Nc6 3. d4 cxd4 4. Nxd4 Nf6 5. Nc3 e5 6. Ndb5 d6 7. Nd5 Nxd5 8. exd5 Ne7 9. c4 a6 10. Nc3 g6 11. Bg5 Bg7 12. Ne4 h6 13. Bf6 Bxf6 14. Nxf6+ Kf8 15. Qd2 Kg7 16. Ne4 Nf5 17. 0-0-0 Qc7 18. g4 Nd4 19. g5 Bf5 20. gxh6+ Rxh6 21. Qe3 Bxe4 22. Qxe4 b5 23. Kb1 bxc4 24. Rc1 Qb6 25. Bxc4 Rb8 26. b3 a5 27. f4 Rh4 28. Qe3 Rxf4 29. Rcf1 Nf5 30. Qd2 Qd4 31. Qxd4 Rxd4 32. Kc1 Ne3 33. Rf2 Rc8 34. Kb2 Nd1+ 0-1